| 000 | 00380nam a22001577a 4500 | ||
|---|---|---|---|
| 003 | OSt | ||
| 008 | 240130b |||||||| |||| 00| 0 eng d | ||
| 020 | _a9780198082163 | ||
| 082 | _a005.43 HAU | ||
| 100 | _aHARWANI, B. M | ||
| 245 | _aUNIX and Shell Programming | ||
| 250 | _a3rd IMP | ||
| 260 |
_a New Delhi _bOxford University Press _c2019 |
||
| 300 | _a701 | ||
| 942 |
_2ddc _cBK |
||
| 999 |
_c12208 _d12208 |
||